000 00205 a2200109 4500
020 _a9781429611862
041 _aspa
100 _aFrost, Helen
245 _aTiranosaurio Rex
942 _cBK
952 _71
999 _c20406
_d20406